MARC details
| 000 -LEADER |
| fixed length control field |
01836cam a2200313 a 4500 |
| 001 - CONTROL NUMBER |
| control field |
708 |
| 003 - CONTROL NUMBER IDENTIFIER |
| control field |
MYCC |
| 005 - DATE AND TIME OF LATEST TRANSACTION |
| control field |
20260306082335.0 |
| 008 - FIXED-LENGTH DATA ELEMENTS--GENERAL INFORMATION |
| fixed length control field |
080509s2009 njua b 001 0 eng d |
| 020 ## - INTERNATIONAL STANDARD BOOK NUMBER |
| International Standard Book Number |
9781601630254 |
| Qualifying information |
paperback |
| 020 ## - INTERNATIONAL STANDARD BOOK NUMBER |
| International Standard Book Number |
1601630255 |
| Qualifying information |
paperback |
| 040 ## - CATALOGING SOURCE |
| Original cataloging agency |
DLC |
| Transcribing agency |
DLC |
| Modifying agency |
QBX |
| -- |
BTCTA |
| -- |
BAKER |
| -- |
CDX |
| -- |
DLC |
| -- |
MYCC |
| Language of cataloging |
eng |
| Description conventions |
rda |
| 082 00 - DEWEY DECIMAL CLASSIFICATION NUMBER |
| Classification number |
155.2/82 |
| Edition number |
22 |
| 090 00 - LOCALLY ASSIGNED LC-TYPE CALL NUMBER (OCLC); LOCAL CALL NUMBER (RLIN) |
| Classification number (OCLC) (R) ; Classification number, CALL (RLIN) (NR) |
155.282 |
| Location of book |
SEI |
| 100 1# - MAIN ENTRY--PERSONAL NAME |
| Personal name |
Seifer, Marc J. |
| Relator term |
author. |
| 245 14 - TITLE STATEMENT |
| Title |
The Definitive Book of Handwriting Analysis : |
| Remainder of title |
The Complete Guide to Interpreting Personalities, Detecting Forgeries, and Revealing Brain Activity Through the Science of Graphology / |
| Statement of responsibility, etc. |
Marc Seifer. |
| 246 30 - VARYING FORM OF TITLE |
| Title proper/short title |
Handwriting analysis |
| 264 #1 - PRODUCTION, PUBLICATION, DISTRIBUTION, MANUFACTURE, AND COPYRIGHT NOTICE |
| Place of production, publication, distribution, manufacture |
Franklin Lakes, NJ : |
| Name of producer, publisher, distributor, manufacturer |
New Page Books, |
| Date of production, publication, distribution, manufacture, or copyright notice |
2009 |
| 264 #4 - PRODUCTION, PUBLICATION, DISTRIBUTION, MANUFACTURE, AND COPYRIGHT NOTICE |
| Date of production, publication, distribution, manufacture, or copyright notice |
©2009 |
| 300 ## - PHYSICAL DESCRIPTION |
| Extent |
351 pages : |
| Other physical details |
illustrations ; |
| Dimensions |
23 cm |
| 336 ## - CONTENT TYPE |
| Content type term |
text |
| Content type code |
txt |
| Source |
rdacontent |
| 337 ## - MEDIA TYPE |
| Media type term |
unmediated |
| Media type code |
n |
| Source |
rdamedia |
| 338 ## - CARRIER TYPE |
| Carrier type term |
volume |
| Carrier type code |
nc |
| Source |
rdacarrier |
| 504 ## - BIBLIOGRAPHY, ETC. NOTE |
| Bibliography, etc. note |
Includes bibliographical references and index. |
| 505 0# - FORMATTED CONTENTS NOTE |
| Formatted contents note |
Chp 1 A History of Graphology -- Chp 2 How to Analyze a Handwriting -- Chp 3 Form Level -- Chp 4 The Psychogram -- Chp 5 Traits: A Comprehensive List -- Chp 6 Graphology and the Psychosexual Stages of Development -- Chp 7 Handwriting and Psychobiography -- Chp 8 Criminal Mind -- Chp 9 Historal Considerations -- Chp 10 Handwriting and the Structure of the Brain -- Chp 11 Conscious, Preconscious and Unconscious in Handwriting -- Chp 12 Handwriting and the Brain Trauma -- Chp 13 Handwriting and Brain Organization -- Chp 14 Historical Considerations -- Chp 15 Disguise in Handwriting -- Chp 16 Tools of the Trade -- Chp 17 Forgery Detection and the Colonial Bank Scam -- Chp 18 Saving a Life |
| 650 #0 - SUBJECT ADDED ENTRY--TOPICAL TERM |
| Topical term or geographic name entry element |
Graphology. |
| 856 41 - ELECTRONIC LOCATION AND ACCESS |
| Materials specified |
Table of contents only |
| Uniform Resource Identifier |
<a href="http://www.loc.gov/catdir/toc/fy0904/2008020685.html">http://www.loc.gov/catdir/toc/fy0904/2008020685.html</a> |
| 942 ## - ADDED ENTRY ELEMENTS (KOHA) |
| Source of classification or shelving scheme |
Dewey Decimal Classification |
| Koha item type |
Books |